| 000 | 01205cam a2200265 a 4500 | ||
|---|---|---|---|
| 999 |
_c28921 _d28920 |
||
| 001 | 13314429 | ||
| 003 | OSt | ||
| 005 | 20170530225639.0 | ||
| 008 | 030815s2001 nyua d 000 0 eng | ||
| 010 | _a 2003276350 | ||
| 020 | _a0385335768 (pbk.) | ||
| 040 |
_aMMU _cMMU _dMMU _beng |
||
| 050 | 0 | 0 |
_aPE1628 _b.A623 2001 |
| 082 | 0 | 0 |
_a423 _222 |
| 245 | 0 | 4 | _aThe American Heritage dictionary. |
| 250 | _a4th ed. | ||
| 260 |
_aNew York : _bDelta, _cc2001. |
||
| 300 |
_aviii, 951 p. : _bill. ; _c21 cm. |
||
| 500 | _a"Based on the best-selling American Heritage dictionary of the English language, fourth edition"--Cover. | ||
| 650 | 0 |
_aEnglish language _vDictionaries. |
|
| 730 | 0 | _aAmerican Heritage dictionary of the English language. | |
| 856 | 4 | 2 |
_3Publisher description _uhttp://www.loc.gov/catdir/description/random041/2003276350.html |
| 856 | 4 | 2 |
_3Contributor biographical information _uhttp://www.loc.gov/catdir/enhancements/fy0708/2003276350-b.html |
| 906 |
_a7 _bcbc _corigcop _d2 _encip _f20 _gy-gencatlg |
||
| 942 |
_2lcc _cLOAN LOAN |
||